| 000 | 00914nam a2200325Ia 4500 | ||
|---|---|---|---|
| 003 | OSt | ||
| 005 | 20220912144543.0 | ||
| 006 | a|||||r|||| 00| 0 | ||
| 007 | ta | ||
| 008 | 220909b |||||||| |||| 00| 0 eng d | ||
| 020 | _a8120310756 (pbk) | ||
| 020 | _aSL0859896 | ||
| 024 | _a193312 | ||
| 037 | _cTextual | ||
| 040 |
_aCSL _beng _cCSL |
||
| 041 | _aeng | ||
| 082 | _aB271, N6 | ||
| 100 | _aBathe Klaus-Jurgen | ||
| 245 | 0 | _aFinite element procedures | |
| 260 |
_aNew Delhi _b Prentice-Hall _c1996 |
||
| 300 | _axiv, 1037p. ill. | ||
| 500 | _aReferences 1013-1028p.; Index 1029-1037p. | ||
| 650 | _a Incompressible fluid flows | ||
| 650 | _a Isoparametric finite element matrices | ||
| 650 | _a Methods for eigenproblems | ||
| 650 | _aVectors and tensors | ||
| 700 | _aBathe Klaus-Jurgen | ||
| 942 |
_hB271, N6 _cTEXL _2CC |
||
| 999 |
_c11813 _d11813 |
||